<?xml version="1.0" encoding="UTF-8"?>
<record
    xmlns:xsi="http://www.w3.org/2001/XMLSchema-instance"
    xsi:schemaLocation="http://www.loc.gov/MARC21/slim http://www.loc.gov/standards/marcxml/schema/MARC21slim.xsd"
    xmlns="http://www.loc.gov/MARC21/slim">

  <leader>01417nam a2200373   4500</leader>
  <controlfield tag="001">59297</controlfield>
  <controlfield tag="003">CO-BoRNBP</controlfield>
  <controlfield tag="005">20251001161229.0</controlfield>
  <controlfield tag="007">ta</controlfield>
  <controlfield tag="008">010423s2000    sp |          ||| ||spa  </controlfield>
  <datafield tag="017" ind1=" " ind2=" ">
    <subfield code="a">M 14671-2000</subfield>
    <subfield code="b">Oficina Dep&#xF3;sito Legal Madrid</subfield>
  </datafield>
  <datafield tag="020" ind1=" " ind2=" ">
    <subfield code="a">847884211X</subfield>
  </datafield>
  <datafield tag="040" ind1=" " ind2=" ">
    <subfield code="a">SpMaBN</subfield>
    <subfield code="b">spa</subfield>
    <subfield code="c">SpMaBN</subfield>
    <subfield code="e">rdc</subfield>
  </datafield>
  <datafield tag="080" ind1=" " ind2=" ">
    <subfield code="a">37(100-773)</subfield>
  </datafield>
  <datafield tag="100" ind1="1" ind2=" ">
    <subfield code="a">Torres, Rosa Mar&#xED;a</subfield>
    <subfield code="d">1950-</subfield>
    <subfield code="9">65181</subfield>
  </datafield>
  <datafield tag="245" ind1="1" ind2="0">
    <subfield code="a">Educaci&#xF3;n para todos</subfield>
    <subfield code="h">[Texto impreso] :</subfield>
    <subfield code="b">la tarea pendiente</subfield>
    <subfield code="c">Rosa Mar&#xED;a Torres</subfield>
  </datafield>
  <datafield tag="250" ind1=" " ind2=" ">
    <subfield code="a">1a. edici&#xF3;n</subfield>
  </datafield>
  <datafield tag="300" ind1=" " ind2=" ">
    <subfield code="a">156 p.</subfield>
    <subfield code="c">21 cm</subfield>
  </datafield>
  <datafield tag="336" ind1=" " ind2=" ">
    <subfield code="2">rdacontent</subfield>
    <subfield code="a">texto</subfield>
    <subfield code="b">txt</subfield>
  </datafield>
  <datafield tag="337" ind1=" " ind2=" ">
    <subfield code="2">rdamedia</subfield>
    <subfield code="a">sin mediaci&#xF3;n</subfield>
    <subfield code="b">n</subfield>
  </datafield>
  <datafield tag="338" ind1=" " ind2=" ">
    <subfield code="2">rdacarrier</subfield>
    <subfield code="a">volumen</subfield>
    <subfield code="b">nc</subfield>
  </datafield>
  <datafield tag="490" ind1="1" ind2=" ">
    <subfield code="a">Urgencias</subfield>
    <subfield code="v">4</subfield>
  </datafield>
  <datafield tag="504" ind1=" " ind2=" ">
    <subfield code="a">Bibliograf&#xED;a: p. [135]-154</subfield>
  </datafield>
  <datafield tag="650" ind1=" " ind2="7">
    <subfield code="a">Ense&#xF1;anza</subfield>
    <subfield code="z">Pa&#xED;ses en desarrollo</subfield>
    <subfield code="2">embne</subfield>
    <subfield code="9">65182</subfield>
  </datafield>
  <datafield tag="830" ind1=" " ind2="0">
    <subfield code="a">Urgencias (Madrid)</subfield>
    <subfield code="v">4</subfield>
    <subfield code="9">65183</subfield>
  </datafield>
  <datafield tag="942" ind1=" " ind2=" ">
    <subfield code="2">ddc</subfield>
    <subfield code="c">BK</subfield>
  </datafield>
  <datafield tag="956" ind1=" " ind2=" ">
    <subfield code="a">2</subfield>
  </datafield>
  <datafield tag="980" ind1=" " ind2=" ">
    <subfield code="a">M 14671-2000</subfield>
    <subfield code="a">84-7884-211-X</subfield>
    <subfield code="a">SpMaBN</subfield>
    <subfield code="b">BNALCALA</subfield>
    <subfield code="j">12/72924</subfield>
    <subfield code="c">SG_PETANTI</subfield>
  </datafield>
  <datafield tag="980" ind1=" " ind2=" ">
    <subfield code="a">M 14671-2000</subfield>
    <subfield code="a">84-7884-211-X</subfield>
    <subfield code="a">SpMaBN</subfield>
    <subfield code="b">BNALCALA</subfield>
    <subfield code="j">AHM/483273</subfield>
    <subfield code="c">SG_PETANTI</subfield>
  </datafield>
  <datafield tag="980" ind1=" " ind2=" ">
    <subfield code="a">B 41003-2006</subfield>
    <subfield code="a">84-7884-211-X</subfield>
    <subfield code="a">SpMaBN</subfield>
    <subfield code="b">BNALCALA</subfield>
    <subfield code="j">AHM/855285</subfield>
    <subfield code="c">SG_PETANTI</subfield>
  </datafield>
  <datafield tag="980" ind1=" " ind2=" ">
    <subfield code="a">B 41003-2006</subfield>
    <subfield code="a">84-7884-211-X</subfield>
    <subfield code="a">SpMaBN</subfield>
    <subfield code="b">BNALCALA</subfield>
    <subfield code="c">SG_PETANTI</subfield>
    <subfield code="j">AHMO/261786</subfield>
  </datafield>
  <datafield tag="980" ind1=" " ind2=" ">
    <subfield code="a">M 14671-2000</subfield>
    <subfield code="a">84-7884-211-X</subfield>
    <subfield code="a">SpMaBN</subfield>
    <subfield code="b">BNALCALA</subfield>
    <subfield code="j">DL/1047233</subfield>
    <subfield code="c">CONSERVACI</subfield>
  </datafield>
  <datafield tag="980" ind1=" " ind2=" ">
    <subfield code="a">B 41003-2006</subfield>
    <subfield code="a">84-7884-211-X</subfield>
    <subfield code="a">SpMaBN</subfield>
    <subfield code="b">BNALCALA</subfield>
    <subfield code="j">DL/1553503</subfield>
    <subfield code="c">CONSERVACI</subfield>
  </datafield>
  <datafield tag="999" ind1=" " ind2=" ">
    <subfield code="c">59297</subfield>
    <subfield code="d">59297</subfield>
  </datafield>
  <datafield tag="952" ind1=" " ind2=" ">
    <subfield code="0">0</subfield>
    <subfield code="1">0</subfield>
    <subfield code="2">ddc</subfield>
    <subfield code="4">0</subfield>
    <subfield code="7">0</subfield>
    <subfield code="a">MELEJANI</subfield>
    <subfield code="b">MELEJANI</subfield>
    <subfield code="c">GEN</subfield>
    <subfield code="d">2025-10-01</subfield>
    <subfield code="l">0</subfield>
    <subfield code="p">LEJ00886</subfield>
    <subfield code="r">2025-10-01 16:14:51</subfield>
    <subfield code="t">Ej.1</subfield>
    <subfield code="w">2025-10-01</subfield>
    <subfield code="y">BK</subfield>
  </datafield>
</record>
